000 00649nam a22001457a 4500
999 _c60821
_d60821
005 20231025131558.0
008 231025s1976 ru ||||| |||| 00| 0 rus d
080 _a904(395)+72.032 C-95
100 _aСокольский, Н. И.
_920242
245 _aТаманский толос и резиденция хрисалиска /
_cН. И. Сокольский; Ответств. ред. Г.А. Цветаева; Академия наук СССР, Институт археологии.
264 _aМосква :
_bНаука,
_c1976.
300 _a128 с. :
_bил.;
_c21 cм.
653 _aისტორია
942 _2udc
_cᲬᲘᲒᲜᲘ